000 00481 a2200181 4500
020 _a0-13-600247-1
082 _a332.4
_bSi58m
100 _aSimpson, Thomas D.
_916382
245 _aMoney, banking and economics analysis
260 _aEnglewood
_bCliffs(N.J.) Prentice-Hall
_c1976
300 _axvii,493p. illus.
650 _aBanks
_94211
650 _aBanks and banking
_93067
650 _aMoney
_92430
650 _aMonetary policy
653 _aFinance
942 _2ddc
_cGEN
999 _c57299
_d57293